Statistics for Every XXL Freshman 2007-2023

Click here to take the quiz!

General Stats

  • This quiz has been taken 10 times
  • The average score is 24 of 171

Answer Stats

Country% Correct
Denzel Curry
71%
21 Savage
57%
DaBaby
57%
Desiigner
57%
Joey Bada$$
57%
Kendrick Lamar
57%
Kodak Black
57%
Lil Dicky
57%
Lil Uzi Vert
57%
Lil Yachty
57%
Ab-Soul
43%
Anderson .Paak
43%
Big Sean
43%
Dave East
43%
Jack Harlow
43%
J. Cole
43%
Lil B
43%
Lil Durk
43%
Lil Tjay
43%
Logic
43%
Yelawolf
43%
A Boogie Wit da Hoodie
29%
Action Bronson
29%
Big K.R.I.T.
29%
Cordae
29%
G Herbo
29%
Hopsin
29%
JID
29%
Joell Ortiz
29%
Kevin Gates
29%
KXNG Crooked
29%
Lil Bibby
29%
Lil Keed
29%
Lil Mosey
29%
Machine Gun Kelly
29%
Polo G
29%
ScHoolboy Q
29%
Ski Mask The Slump God
29%
Travis Scott
29%
XXXTentacion
29%
2Rare
14%
Aminé
14%
Angel Haze
14%
BlocBoy JB
14%
Blu
14%
Blueface
14%
Blxst
14%
Calboy
14%
Chika
14%
Comethazine
14%
Danny Brown
14%
DC The Don
14%
Dizzy Wright
14%
Don Trip
14%
Fetty Wap
14%
Fivio Foreign
14%
Freddie Gibbs
14%
Fred the Godson
14%
Future
14%
Iggy Azalea
14%
Isaiah Rashad
14%
Jay Rock
14%
K Camp
14%
Kidd Kidd
14%
Kirko Bangz
14%
Kyle
14%
Latto
14%
Lil Pump
14%
Luh Tyler
14%
Macklemore
14%
Mac Miller
14%
Meek Mill
14%
Megan Thee Stallion
14%
Morray
14%
NLE Choppa
14%
Pill
14%
Playboi Carti
14%
PnB Rock
14%
Real Boston Richey
14%
Rico Nasty
14%
Roddy Ricch
14%
Rod Wave
14%
Roscoe Dash
14%
SleazyWorld Go
14%
Smokepurpp
14%
Tierra Whack
14%
Tink
14%
Trippie Redd
14%
Ty Dolla $ign
14%
Ugly God
14%
Wale
14%
Wifisfuneral
14%
YBN Nahmir
14%
24kGoldn
0%
42 Dugg
0%
Ace Hood
0%
Asher Roth
0%
August Alsina
0%
Babyface Ray
0%
Baby Keem
0%
BabyTron
0%
Big30
0%
Big Scarr
0%
B.o.B
0%
Boosie Badazz
0%
Central Cee
0%
Chance the Rapper
0%
Charles Hamilton
0%
Chief Keef
0%
Cochise
0%
Coi Leray
0%
Cory Gunz
0%
Curren$y
0%
CyHi the Prynce
0%
DDG
0%
DeJ Loaf
0%
Diggy Simmons
0%
Doechii
0%
Donnis
0%
Fashawn
0%
Finesse2tymes
0%
Flo Milli
0%
French Montana
0%
Fridayy
0%
GloRilla
0%
GoldLink
0%
Gorilla Zoe
0%
Gunna
0%
Iann Dior
0%
Jarren Benton
0%
Jon Connor
0%
Kaliii
0%
Kamaiyah
0%
Kap G
0%
KayCyy
0%
KenTheMan
0%
Kid Cudi
0%
Kid Ink
0%
Lakeyah
0%
Lil Twist
0%
Lola Brooke
0%
Lupe Fiasco
0%
MadeinTYO
0%
Mickey Factz
0%
Nardo Wick
0%
Nipsey Hussle
0%
OG Maco
0%
OJ Da Juiceman
0%
Papoose
0%
Plies
0%
Pooh Shiesty
0%
Raury
0%
Rich Boy
0%
Rich Homie Quan
0%
Rob49
0%
Rubi Rose
0%
Saigon
0%
Saucy Santana
0%
Shy Glizzy
0%
SoFaygo
0%
Stefflon Don
0%
TiaCorine
0%
Toosii
0%
Trinidad James
0%
Troy Ave
0%
Vic Mensa
0%
Vince Staples
0%
Wiz Khalifa
0%
YG
0%
YK Osiris
0%
Young Dro
0%

Score Distribution

Percentile by Number Answered

Percent of People with Each Score

Your Score History

You have not taken this quiz